|
|
|
|
| LEADER |
00000nab a2200000 a 4500 |
| 001 |
vtls000574315 |
| 003 |
SK-MaSNL |
| 005 |
20260426072140.0 |
| 008 |
180331c1996 xo 0 slo |
| 015 |
|
|
|a SNBRB19rr/mm-uuuuu
|
| 035 |
|
|
|a CL0574453
|
| 040 |
|
|
|a SNKBUCL
|b slo
|c SNKBUCL
|e AACR2
|
| 041 |
0 |
|
|a slo
|
| 044 |
|
|
|a xo
|c SK
|
| 080 |
|
|
|a 327.39(4:437.6)
|2 1981
|
| 080 |
|
|
|a 339.923(4)
|2 1981
|
| 100 |
1 |
|
|a Sujová, Zita
|4 aut
|9 386521
|
| 245 |
1 |
0 |
|a Podľa P. Csákyho bol Hans van den Broek skeptický voči zákonom, ktoré navrhuje SNS
|c Zita Sujová
|
| 610 |
|
7 |
|a Európska únia
|2 snkbucl
|9 29861
|
| 650 |
0 |
7 |
|a strany politické maďarské
|2 snkbucl
|9 901655
|
| 651 |
|
7 |
|a Slovensko
|2 snkbucl
|9 14231
|
| 655 |
|
7 |
|a články z novín a časopisov
|2 snkbucl
|9 267496
|
| 700 |
1 |
|
|a Csáky, Pál,
|d 1956-
|4 aut
|9 89590
|
| 700 |
1 |
|
|a Broek, Hans van den
|4 aut
|9 1319000
|
| 773 |
0 |
|
|t Národná obroda
|g Roč. 7, č. 36 (13. 2. 1996), s. 2
|
| 850 |
|
|
|a Slovenská národná knižnica v Martine
|a MTA001
|
| 852 |
|
|
|a SNK
|b KIS3GCP
|
| 958 |
|
|
|a RK
|
| 958 |
|
|
|a HU
|
| 958 |
|
|
|a SK
|
| 992 |
|
|
|a RBX
|
| 999 |
|
|
|c 2685721
|d 2687651
|